Statistiques concernant Ils nous ont quitté en 2023, quel était leur nationalité ? (1)

Cliquez ici pour prendre le quiz!

Statistiques générales

  • Ce quiz a été pris 58 fois
  • Le résultat moyen est 15 sur 30

Statistiques - réponses

HintRéponse% Correct
Ryuichi SakamotoJaponaise
88%
Leiji MatsumotoJaponaise
86%
Claude SimonetFrançaise
84%
Jean-Pierre JabouilleFrançaise
82%
Jean-Jacques FavierFrançaise
80%
Marcel AmontFrançaise
80%
Agnès LarocheFrançaise
78%
Gina LollobrigidaItalienne
78%
Just FontaineFrançaise
76%
Elena FanchiniItalienne
76%
Louis VelleFrançaise
72%
Marion GameFrançaise
66%
Hans BeltingAllemande
64%
Carlos SauraEspagnole
64%
Pervez MusharrafPakistanaise
56%
Dick FosburyAméricaine
50%
Greg FosterAméricaine
50%
Wayne ShorterAméricaine
50%
Jenny ClèveFrançaise
42%
Raquel WelchAméricaine
36%
Christian AtsuGhanéenne
32%
Paco RabanneFrançaise
26%
Marcel ZaniniFrançaise
26%
Hugh HudsonBritannique
24%
Bassma KodmaniSyrienne
24%
Roland CastroFrançaise
22%
Tatjana PatitzAllemande
14%
Gabriel TaschinoFrançaise
6%
Jorge EdwardChilienne
4%
Tom VerlaineAméricaine
2%

Distribution des résultats

Percentile par nombre de réponses

% des personnes avec chaque résultat

Votre développement - résultats

Vous n’avez pas pris ce quiz